U.S. States with the Most MMIW Cases - Statistics

General Stats
  • This quiz has been taken 42 times
  • The average score is 8 of 10
Answer Stats
# State % Correct
47 California
96%
19 Texas
91%
92 Arizona
87%
63 Washington
87%
329 Alaska
83%
21 South Dakota
83%
22 Montana
78%
58 New Mexico
78%
86 Oklahoma
78%
22 North Carolina
57%
No matching quizzes found
Score Distribution
Percent of People with Each Score
Percentile by Number Answered
Your Score History
You have not taken this quiz